000 00605nam a22002297a 4500
003 UA-OsUOA
001 124652
007 ta
008 20170821b un ||||| |||| 00| 0 ukr d
100 _aТичина П.
090 _a821.161.2
_bТ46
942 _cBK
040 _aUA-OsUOA
_bukr
_cUA-OsUOA
_dUA-OsUOA
245 _aКвітни, мово наша рідна
300 _a205 с.
955 _a3
041 _aukr
080 _a821.161.2
260 _aК.
_bНаукова думка
_c1971
650 7 _a82 Література. Літературознавство
_2UDC
999 _c411765
_d411765